00722nam a2200169Ia 4500008004100000040000800041082002400049100002000073245004100093260000900134264004300143942001300186952011200199952011200311952011200423999001700535231129s1977||||xx |||||||||||||| ||spa|| bspa a346.04682861 V732pe aVillegas Jorge 0aPetroleo colombiano ganancia gringa c1977 aBogotá(Colombia): Ediciones Penalosa 2ddccBKS 00102ddc4070aBRCbBRCd2009-07-09l0o346.04682861 V732pep9964r2023-11-29 21:28:43t4w2023-11-29yBK 00102ddc4070aBRCbBRCd2009-07-09l0o346.04682861 V732pep9966r2023-11-29 21:28:43t2w2023-11-29yBK 00102ddc4070aBRCbBRCd2010-12-30l0o346.04682861 V732pep9965r2023-11-29 21:28:43t3w2023-11-29yBK c22730d22730